<?xml version="1.0" encoding="UTF-8"?>
<record
    xmlns:xsi="http://www.w3.org/2001/XMLSchema-instance"
    xsi:schemaLocation="http://www.loc.gov/MARC21/slim http://www.loc.gov/standards/marcxml/schema/MARC21slim.xsd"
    xmlns="http://www.loc.gov/MARC21/slim">

  <leader>04169nam a22004695i 4500</leader>
  <controlfield tag="001">978-3-030-04143-4</controlfield>
  <controlfield tag="003">DE-He213</controlfield>
  <controlfield tag="005">20200904105942.0</controlfield>
  <controlfield tag="007">cr nn 008mamaa</controlfield>
  <controlfield tag="008">190309s2018    gw |    s    |||| 0|eng d</controlfield>
  <datafield tag="020" ind1=" " ind2=" ">
    <subfield code="a">9783030041434</subfield>
    <subfield code="9">978-3-030-04143-4</subfield>
  </datafield>
  <datafield tag="024" ind1="7" ind2=" ">
    <subfield code="a">10.1007/978-3-030-04143-4</subfield>
    <subfield code="2">doi</subfield>
  </datafield>
  <datafield tag="050" ind1=" " ind2="4">
    <subfield code="a">B67</subfield>
  </datafield>
  <datafield tag="072" ind1=" " ind2="7">
    <subfield code="a">PDA</subfield>
    <subfield code="2">bicssc</subfield>
  </datafield>
  <datafield tag="072" ind1=" " ind2="7">
    <subfield code="a">SCI075000</subfield>
    <subfield code="2">bisacsh</subfield>
  </datafield>
  <datafield tag="072" ind1=" " ind2="7">
    <subfield code="a">PDA</subfield>
    <subfield code="2">thema</subfield>
  </datafield>
  <datafield tag="082" ind1="0" ind2="4">
    <subfield code="a">501</subfield>
    <subfield code="2">23</subfield>
  </datafield>
  <datafield tag="100" ind1="1" ind2=" ">
    <subfield code="a">Maxwell, Nicholas.</subfield>
    <subfield code="e">author.</subfield>
    <subfield code="4">aut</subfield>
    <subfield code="4">http://id.loc.gov/vocabulary/relators/aut</subfield>
  </datafield>
  <datafield tag="245" ind1="1" ind2="4">
    <subfield code="a">The Metaphysics of Science and Aim-Oriented Empiricism</subfield>
    <subfield code="h">[electronic resource] :</subfield>
    <subfield code="b">A Revolution for Science and Philosophy /</subfield>
    <subfield code="c">by Nicholas Maxwell.</subfield>
  </datafield>
  <datafield tag="250" ind1=" " ind2=" ">
    <subfield code="a">1st ed. 2018.</subfield>
  </datafield>
  <datafield tag="264" ind1=" " ind2="1">
    <subfield code="a">Cham :</subfield>
    <subfield code="b">Springer International Publishing :</subfield>
    <subfield code="b">Imprint: Springer,</subfield>
    <subfield code="c">2018.</subfield>
  </datafield>
  <datafield tag="300" ind1=" " ind2=" ">
    <subfield code="a">XIV, 228 p. 3 illus.</subfield>
    <subfield code="b">online resource.</subfield>
  </datafield>
  <datafield tag="336" ind1=" " ind2=" ">
    <subfield code="a">text</subfield>
    <subfield code="b">txt</subfield>
    <subfield code="2">rdacontent</subfield>
  </datafield>
  <datafield tag="337" ind1=" " ind2=" ">
    <subfield code="a">computer</subfield>
    <subfield code="b">c</subfield>
    <subfield code="2">rdamedia</subfield>
  </datafield>
  <datafield tag="338" ind1=" " ind2=" ">
    <subfield code="a">online resource</subfield>
    <subfield code="b">cr</subfield>
    <subfield code="2">rdacarrier</subfield>
  </datafield>
  <datafield tag="347" ind1=" " ind2=" ">
    <subfield code="a">text file</subfield>
    <subfield code="b">PDF</subfield>
    <subfield code="2">rda</subfield>
  </datafield>
  <datafield tag="490" ind1="1" ind2=" ">
    <subfield code="a">Synthese Library, Studies in Epistemology, Logic, Methodology, and Philosophy of Science,</subfield>
    <subfield code="x">0166-6991 ;</subfield>
    <subfield code="v">403</subfield>
  </datafield>
  <datafield tag="505" ind1="0" ind2=" ">
    <subfield code="a">Preface -- Part I. Chapter 1. Early Work on The Metaphysics of Science -- Chapter 2. Subsequent Work on Essentialism and the Mind/Body Problem -- Part II. Chapter 3. Aim-Oriented Empiricism: Exposition, and Implications for Science and the Philosophy of Science -- Chapter 4. Aim-Oriented Empiricism and the Metaphysics of Science: 2007 to 2017 -- Part III. Chapter 5. Broader Implications: Academic Inquiry for a Wiser World -- Appendix. Refutation of Kripke on Rigid Designators and Essentialism.</subfield>
  </datafield>
  <datafield tag="520" ind1=" " ind2=" ">
    <subfield code="a">This book tackles two fundamental problems: How can our human world exist and best flourish embedded as it is in the physical universe? What role do untestable, metaphysical ideas about the nature of the physical universe play in science? In connection with the first, it is argued that physics is concerned only with a highly selective aspect of all that there is - that aspect that determines how events unfold. Physics ignores human experience and consciousness, first because they are not needed to fulfil the predictive and explanatory tasks of physics, and second because they must be ignored if physics is to develop the beautifully explanatory theories that it does develop. In connection with the second fundamental problem, it is argued that physics, as a result of accepting unified theories only, makes a highly problematic metaphysical assumption about the nature of the physical universe: it is such that some unknown, unified "theory of everything" is true. Precisely because this assumption is so profoundly problematic, it needs to be made explicit within physics, so that it can be critically assessed and, we may hope, improved. The author puts forward a revolutionary philosophy of science called aim-oriented empiricism (AOE), designed to facilitate improvement in the metaphysics of physics, as physics proceeds. The author has devoted many years developing AOE and publishing papers on it. Here he spells out the implications of AOE for the metaphysics of science. The main body of the book expounds and critically assesses many key works in the metaphysics of science published from 2007 to 2018. The book concludes by considering the broader implications of aim-oriented empiricism, for science, for academic inquiry and, even, for the future of humanity.</subfield>
  </datafield>
  <datafield tag="650" ind1=" " ind2="0">
    <subfield code="a">Philosophy and science.</subfield>
  </datafield>
  <datafield tag="650" ind1="1" ind2="4">
    <subfield code="a">Philosophy of Science.</subfield>
    <subfield code="0">https://scigraph.springernature.com/ontologies/product-market-codes/E34000</subfield>
  </datafield>
  <datafield tag="710" ind1="2" ind2=" ">
    <subfield code="a">SpringerLink (Online service)</subfield>
  </datafield>
  <datafield tag="773" ind1="0" ind2=" ">
    <subfield code="t">Springer Nature eBook</subfield>
  </datafield>
  <datafield tag="776" ind1="0" ind2="8">
    <subfield code="i">Printed edition:</subfield>
    <subfield code="z">9783030041427</subfield>
  </datafield>
  <datafield tag="776" ind1="0" ind2="8">
    <subfield code="i">Printed edition:</subfield>
    <subfield code="z">9783030041441</subfield>
  </datafield>
  <datafield tag="830" ind1=" " ind2="0">
    <subfield code="a">Synthese Library, Studies in Epistemology, Logic, Methodology, and Philosophy of Science,</subfield>
    <subfield code="x">0166-6991 ;</subfield>
    <subfield code="v">403</subfield>
  </datafield>
  <datafield tag="856" ind1="4" ind2="0">
    <subfield code="u">https://doi.org/10.1007/978-3-030-04143-4</subfield>
  </datafield>
  <datafield tag="912" ind1=" " ind2=" ">
    <subfield code="a">ZDB-2-REP</subfield>
  </datafield>
  <datafield tag="912" ind1=" " ind2=" ">
    <subfield code="a">ZDB-2-SXPR</subfield>
  </datafield>
  <datafield tag="999" ind1=" " ind2=" ">
    <subfield code="c">462158</subfield>
    <subfield code="d">462158</subfield>
  </datafield>
</record>
